Φορτώνει......
Medical physiology /
| Κύριος συγγραφέας: | |
|---|---|
| Άλλοι συγγραφείς: | |
| Μορφή: | Printed Book |
| Έκδοση: |
:
,
2006.
|
| Θέματα: |
| LEADER | 00640cam a2200169ua 4500 | ||
|---|---|---|---|
| 020 | |a 81-8147-920-3 | ||
| 082 | 1 | 4 | |a 612 |b GUY-M |
| 100 | 1 | |a Guyton, Arthur C . | |
| 245 | 1 | 0 | |a Medical physiology / |
| 260 | |a : |b , |c 2006. | ||
| 300 | |a xxii;444p ; | ||
| 650 | 0 | |a Medical physiology | |
| 700 | 1 | |a Hall, John E . | |
| 942 | |c BK | ||
| 999 | |c 23556 |d 23556 | ||
| 952 | |0 0 |1 0 |4 0 |6 612_000000000000000_GUYM |7 0 |9 29515 |a KU |b KU |d 2015-07-05 |l 14 |o 612 GUY-M |p LS00167 |r 2018-06-18 |s 2018-04-18 |y BK | ||
| 952 | |0 0 |1 0 |4 0 |6 612_000000000000000_GUYM |7 0 |9 29516 |a KU |b KU |d 2015-07-05 |e KU/Pl.D./UGC/786/05 dtd.18/06/2005-LS |l 18 |o 612 GUY-M |p LS00732 |r 2020-02-03 |s 2020-01-01 |y BK | ||